| 000 | 00835nam a2200229 i 4500 | ||
|---|---|---|---|
| 001 | 187589 | ||
| 003 | ES-MaACL | ||
| 005 | 20250809070337.0 | ||
| 008 | 171204s1959 fr |||| | fre d | ||
| 020 | _a05.054-I-9-1144 | ||
| 080 | _a821.14'06-31"19" | ||
| 100 | 1 |
_aKazantzakis, Nikos. _967689 |
|
| 245 | 1 | 3 |
_aLe Christ recrucifié _b: roman / _cNikos Kazantzaki ; traduit du grec par Pierre Amandry. |
| 260 |
_aParis : _bPlon, _c[1959] |
||
| 300 |
_a512 p. ; _c16 cm. |
||
| 490 | 1 |
_aLe livre de poche ; _v491-492 |
|
| 830 | 0 | 3 |
_aLe livre de poche _v491-492 _9179656 |
| 852 |
_aES-MaACL _jA-14126 _9194675 _bR.149463 _cDEPO1 _dOlim: N-7126 _hDonación: herederos de la biblioteca de Mª del Pilar Costa Palacín |
||
| 914 |
_9234649 _aHerederos de Pilar Costa Palacín _ednr |
||
| 942 |
_2udc _cMONOGRAFIA |
||
| 999 |
_c187589 _d187589 |
||